000 00352nam a2200145Ia 4500
005 20250729165804.0
008 250729s2017 xx 000 0 und d
041 _akan
082 _a494.50 THAH
100 _aTa Ra Su
_9233033
245 _aHamsa Geethe
260 _aBangalore
_bHemanth Sahithya
_c2017
300 _a200p
650 _aKannada
_9233034
999 _c240079
_d240079